Gabon Trivia Quiz - Statistieken

Algemene statistieken
  • Deze quiz is 241 keer genomen
  • De gemiddelde score is 12 van 16
Antwoordstatistieken
Hint Antwoord % Correct
Officiële taal Frans
95%
Aangrenzende landen Republiek Congo
93%
Belangrijke breedtegraad die het land in tweeën deelt Evenaar
91%
Aangrenzende landen Equatoriaal-Guinea
90%
Land waarvan Gabon in 1960 onafhankelijk werd Frankrijk
90%
Aangrenzende landen Kameroen
90%
Eilandstaat die 225 km ten westen van Gabon ligt Sao Tomé en Principe
88%
85% van het land van Gabon wordt bedekt door _____, het hoogste van alle landen behalve Suriname Bossen
76%
Belangrijkste export van Gabon Olie
76%
Hoofdstad van Gabon Libreville
69%
Oceaangolf dat aan Gabon grenst Golf van {Guinee}
67%
Bijna de helft van de export van Gabon wordt naar dit land verscheept China
65%
25% van de wereldbevolking van deze aap leeft in Gabon Gorilla
63%
De Slag om Gabon was het enige belangrijke conflict in Centraal-Afrika in deze oorlog Tweede Wereldoorlog
54%
Op één na grootste stad van Gabon Port-{Gentil}
27%
President van Gabon tussen 1967 en 2009 Omar {Bongo}
24%
Geen overeenkomende quizzen gevonden
Scoreverdeling
Procent van Mensen met Elke Score
Percentiel versus Aantal Correcte Antwoorden
Uw Scoregeschiedenis
U heeft deze quiz nog niet genomen